Trouver tout les pays d'Amérique du Sud avec les Armoiries , sceau ... - Statistiques

Statistiques générales
  • Ce quiz a été pris 62 fois
  • Le résultat moyen est 10 sur 12
Statistiques - réponses
Par images Réponse % Correct
Brésil
98%
Argentine
94%
Paraguay
93%
Colombie
89%
Équateur
85%
Uruguay
83%
Bolivie
81%
Venezuela
80%
Pérou
78%
Chili
76%
Suriname
70%
Guyana
69%
Aucun quiz correspondant
Distribution des résultats
% des personnes avec chaque résultat
Percentile par nombre de réponses
Votre historique - résultats
Vous n’avez pas pris ce quiz